| 000 | 00344nam a2200133Ia 4500 | ||
|---|---|---|---|
| 008 | 210430s9999 xx 000 0 und d | ||
| 020 | _a81-219-1475-2 | ||
| 082 | _a530 P 9851 S | ||
| 100 |
_aR.K.Puri _954316 |
||
| 245 |
_aSolid State Physics And Electronics _cR.K.Puri |
||
| 260 |
_aNew Delhi _bS.Chand |
||
| 300 | _a595 p | ||
| 942 |
_cBK _2ddc |
||
| 999 |
_c564871 _d564871 |
||